header

Measuring inequality of opportunities in Latin America and the Caribbean (Record no. 9562)

MARC details
000 -LEADER
fixed length control field 01727nam a2200397Ia 4500
001 - CONTROL NUMBER
control field ebr10268624
003 - CONTROL NUMBER IDENTIFIER
control field CaPaEBR
006 - FIXED-LENGTH DATA ELEMENTS--ADDITIONAL MATERIAL CHARACTERISTICS--GENERAL INFORMATION
fixed length control field m u
007 - PHYSICAL DESCRIPTION FIXED FIELD--GENERAL INFORMATION
fixed length control field cr cn|||||||||
008 - FIXED-LENGTH DATA ELEMENTS--GENERAL INFORMATION
fixed length control field 081009s2009 dcua sb 001 0 eng d
010 ## - LIBRARY OF CONGRESS CONTROL NUMBER
Canceled/invalid LC control number 2008037311
020 ## - INTERNATIONAL STANDARD BOOK NUMBER
Cancelled/invalid ISBN 9780821377451
040 ## - CATALOGING SOURCE
Original cataloging agency CaPaEBR
Transcribing agency CaPaEBR
035 ## - SYSTEM CONTROL NUMBER
System control number (OCoLC)302102335
050 14 - LIBRARY OF CONGRESS CALL NUMBER
Classification number HC125
Item number .M38 2009eb
245 00 - TITLE STATEMENT
Title Measuring inequality of opportunities in Latin America and the Caribbean
Medium [electronic resource] /
Statement of responsibility, etc Ricard Paes de Barros, et al.
260 ## - PUBLICATION, DISTRIBUTION, ETC. (IMPRINT)
Place of publication, distribution, etc Washington DC :
Name of publisher, distributor, etc World Bank ;
Place of publication, distribution, etc Houndmills, Basingstoke, Hampshire ;
-- New York :
Name of publisher, distributor, etc Palgrave Macmillan,
Date of publication, distribution, etc c2009.
300 ## - PHYSICAL DESCRIPTION
Extent xxiii, 195 p. :
Other physical details ill.
490 1# - SERIES STATEMENT
Series statement Latin American development forum series
504 ## - BIBLIOGRAPHY, ETC. NOTE
Bibliography, etc Includes bibliographical references and index.
533 ## - REPRODUCTION NOTE
Type of reproduction Electronic reproduction.
Place of reproduction Palo Alto, Calif. :
Agency responsible for reproduction ebrary,
Date of reproduction 2009.
Note about reproduction Available via World Wide Web.
-- Access may be limited to ebrary affiliated libraries.
650 #0 - SUBJECT ADDED ENTRY--TOPICAL TERM
Topical term or geographic name as entry element Equality
Geographic subdivision Latin America.
Topical term or geographic name as entry element Equality
Geographic subdivision Caribbean Area.
Topical term or geographic name as entry element Children
General subdivision Government policy
Geographic subdivision Latin America.
Topical term or geographic name as entry element Children
General subdivision Government policy
Geographic subdivision Caribbean Area.
651 #0 - SUBJECT ADDED ENTRY--GEOGRAPHIC NAME
Geographic name Latin America
General subdivision Economic conditions
Chronological subdivision 1982-
Geographic name Caribbean Area
General subdivision Economic conditions
Chronological subdivision 1945-
Geographic name Latin America
General subdivision Social conditions
Chronological subdivision 1982-
Geographic name Caribbean Area
General subdivision Social conditions
Chronological subdivision 1945-
655 #7 - INDEX TERM--GENRE/FORM
Genre/form data or focus term Electronic books.
Source of term local
700 1# - ADDED ENTRY--PERSONAL NAME
Personal name Barros, Ricardo Paes de,
Dates associated with a name 1954-
710 2# - ADDED ENTRY--CORPORATE NAME
Corporate name or jurisdiction name as entry element World Bank.
Corporate name or jurisdiction name as entry element ebrary, Inc.
830 #0 - SERIES ADDED ENTRY--UNIFORM TITLE
Uniform title Latin American development forum.
856 40 - ELECTRONIC LOCATION AND ACCESS
Uniform Resource Identifier <a href="http://site.ebrary.com/lib/rucke/Doc?id=10268624">http://site.ebrary.com/lib/rucke/Doc?id=10268624</a>
Public note An electronic book accessible through the World Wide Web; click to view

No items available.

© 2026 Rongo University
Contact us: librarian | system librarian | Rongo university